Gender and the constitution : equity and agency in comparative constitutional design (Record no. 264781)

MARC details
000 -LEADER
fixed length control field 00733nam a2200229Ia 4500
008 - FIXED-LENGTH DATA ELEMENTS--GENERAL INFORMATION
fixed length control field 191130s2008##################000#0#eng##
020 ## - INTERNATIONAL STANDARD BOOK NUMBER
ISBN 9780521707459
082 ## - DEWEY DECIMAL CLASSIFICATION NUMBER
Classification number 342.0878 IRV
100 ## - MAIN ENTRY--AUTHOR NAME
Personal name Irving, Helen
245 ## - TITLE STATEMENT
Title Gender and the constitution : equity and agency in comparative constitutional design
Statement of responsibility, etc Helen Irving
260 ## - PUBLICATION, DISTRIBUTION, ETC. (IMPRINT)
Place of publication Cambridge
Name of publisher Cambridge University Press
Year of publication 2008
300 ## - PHYSICAL DESCRIPTION
Number of Pages viii, 264 p. ; 23 cm
500 ## - GENERAL NOTE
General note Includes bibliographical references and index
650 ## - SUBJECT ADDED ENTRY--TOPICAL TERM
Topical Term Constitutional law
Topical Term Women - Legal status, laws, etc
Topical Term Women's rights
991 ## -
-- 258111
Holdings
Withdrawn status Lost status Damaged status Not for loan Home library Current library Date acquired Full call number Accession Number Price effective from Koha item type
        Anna Centenary Library Anna Centenary Library 13.10.2020 342.0878 IRV 99418 13.10.2020 English Books

Find us on the map